Top 20 Florida Counties by Density - Statistics

General Stats
  • This quiz has been taken 17 times
  • The average score is 17 of 20
Answer Stats
Hint Answer % Correct
1374.02 Miami-Dade
100%
1610.44 Broward
91%
1313.35 Duval
91%
1439.87 Hillsborough
91%
1022.95 Lee
91%
445.83 Leon
91%
1599.92 Orange
91%
746.55 Palm Beach
91%
808.19 Sarasota
91%
619.54 Brevard
82%
445.83 Hernando
82%
430.37 Lake
82%
817.17 Pasco
82%
3434.78 Pinellas
82%
1554.45 Seminole
82%
523.68 Volusia
82%
579.12 Manatee
73%
627.10 St Lucie
73%
503.84 St Johns
64%
489.27 Escambia
55%
No matching quizzes found
Score Distribution
Percent of People with Each Score
Percentile by Number Answered
Your Score History
You have not taken this quiz